| 000 | 00772nam a2200265Ia 4500 | ||
|---|---|---|---|
| 003 | OSt | ||
| 005 | 20220912145231.0 | ||
| 006 | a|||||r|||| 00| 0 | ||
| 007 | ta | ||
| 008 | 220909b |||||||| |||| 00| 0 eng d | ||
| 024 | _a71845 | ||
| 037 | _cTextual | ||
| 040 |
_aCSL _beng _cCSL |
||
| 041 | _aeng | ||
| 082 | _aD7, L51 | ||
| 100 | _aMurray Raymond L | ||
| 245 | 0 | _aNucler energy: an introduction to the concepts, systems and applications of nuclear processes | |
| 260 |
_aNew York _bPergamon Press _c1975 |
||
| 300 |
_axvi, 278p. _ccm. |
||
| 490 | _aPergamon unified engineering series; 19 | ||
| 500 | _aAppendix 267-272p. | ||
| 650 | _aNulcear engineering | ||
| 942 |
_hD7, L51 _cTEXL _2CC |
||
| 999 |
_c26684 _d26684 |
||